| 000 | 00438nam a2200157Ia 4500 | ||
|---|---|---|---|
| 008 | 151213s9999 xx 000 0 und d | ||
| 100 | _aU.S.Department of Commerce | ||
| 245 |
_aU.S.Industry & Trade Out Look 198 _cU.S.Department of Commerce |
||
| 250 | _a1st | ||
| 260 |
_aU.S.A _bMc Grow Hill _c1998 |
||
| 300 | _a2778 p. | ||
| 650 | _aFinance | ||
| 650 | _aFinance Trade | ||
| 700 | _aU.S.Department of Commerce | ||
| 999 |
_c1888 _d1888 |
||